Reconnaitras tu ces chanteuses de variété française ? - Statistiques

Statistiques générales
  • Ce quiz a été pris 220 fois
  • Le résultat moyen est 15 sur 20
Statistiques - réponses
Par images Réponse % Correct
Edith Piaf
97%
Louane
94%
Dalida
93%
Vanessa Paradis
93%
Zazie
93%
Angèle
92%
Celine Dion
92%
France Gall
92%
Jenifer
86%
Clara Luciani
84%
Lara Fabian
83%
Mylene Farmer
81%
Nolwenn Leroy
78%
Véronique Sanson
67%
Patricia Kaas
61%
Barbara
55%
Jane Birkin
50%
Lio
39%
Sheila
38%
Juliette Greco
23%
Aucun quiz correspondant
Distribution des résultats
% des personnes avec chaque résultat
Percentile par nombre de réponses
Votre historique - résultats
Vous n’avez pas pris ce quiz